El capital

Salvato in:
Dettagli Bibliografici
Natura: Libro
Lingua:spagnolo
Pubblicazione: Santiago LOM 2010
Edizione:1a. ed
Soggetti:
Tags: Aggiungi Tag
Nessun Tag, puoi essere il primo ad aggiungerne!!

MARC

LEADER 00000nam a2200000 a 4500
001 UCG3962
003 CL-VaPUC
005 20241212091159.0
008 101004e20100000CL |||||||||||||||||spa|d
999 |c 342890  |d 342888 
020 |a 9789560001672 
040 |c Pontificia Universidad Católica de Valparaíso 
082 0 4 |a 335.4  |b MAR  |2 21 
245 1 3 |a El capital 
250 |a 1a. ed 
260 |a Santiago  |b LOM  |c 2010 
300 |a t 
500 |a t.1 v.1: Crítica de la economía política. Proceso de producción del capital 
583 |a last modification  |c 20170530 05:14:51  |k Rodrigo Vera 
600 0 |a Marx, Karl Heinrich,  |d 1818-1883  |9 861123 
650 7 |a FILOSOFIA POLITICA  |2 CL-VaPUC  |9 553267 
650 0 |a Capitalismo  |9 255255 
942 |c BK  |2 ddc 
945 |d 20101004 00:00:00  |a mfarfan 
952 |0 0  |1 0  |4 0  |6 335_400000000000000_MAR_2010  |7 0  |8 A  |9 439581  |a BIBCUR  |b BIBCUR  |d 2019-11-22  |h t.1 v.1  |i 4722256  |o 335.4 MAR 2010  |p 4722256  |r 2025-04-22  |w 2019-11-22  |y BK  |k MGC